| 000 | 00822cam a22002777a 4500 | ||
|---|---|---|---|
| 003 | CHAP | ||
| 005 | 20220329141645.0 | ||
| 008 | 971013s1939 r 00010 d | ||
| 010 | _a71727 | ||
| 011 | _a72699 | ||
| 035 | _a82255 | ||
| 040 | _cCHAP | ||
| 082 |
_a338.10973 _bD38 |
||
| 100 | 0 | 0 |
_aDavis, Joseph S. _931275 |
| 245 | 0 | _aOn agricultural policy 1926-1938 | |
| 260 |
_aStanford : _bFood Research Institute, _c1939 |
||
| 300 | _a494 p. | ||
| 590 |
_aBATCH-UPD _b10 _c20130110 _lUCH01 _h0623 |
||
| 590 |
_aBATCH-UPD _b10 _c20130410 _lUCH01 _h0306 |
||
| 590 |
_aCONVERSION _b10 _c20130109 _lUCH01 _h1339 |
||
| 650 | 1 | 4 |
_aAgricultura _xAspectos economicos _zE.U.A. _91311 |
| 650 | 1 | 4 |
_aEmpresas agropecuarias. _936649 |
| 901 | _aBK | ||
| 942 | _cLIBRO | ||
| 949 |
_a338.10973 D38 _bBC _cBPP _d-36195 _eBPP _h5428 _i82255 _si |
||
| 999 |
_c71727 _d71727 |
||